Mapping species distributions : spatial inference and prediction
Αποθηκεύτηκε σε:
| Κύριος συγγραφέας: | |
|---|---|
| Άλλοι συγγραφείς: | |
| Μορφή: | Βιβλίο |
| Γλώσσα: | English |
| Δημοσίευση: |
Cambridge :
Cambridge University Press,
2009
|
| Σειρά: | Ecology, biodiversity and conservation
|
| Θέματα: | |
| Ετικέτες: |
Προσθήκη ετικέτας
Δεν υπάρχουν, Καταχωρήστε ετικέτα πρώτοι!
|
MARC
| LEADER | 00000cam a2200000 i 4500 | ||
|---|---|---|---|
| 001 | 1/16164 | ||
| 008 | 111102s2009 eng d | ||
| 020 | |a 978-0-521-70002-3 | ||
| 035 | |l 10111257 | ||
| 040 | |a GR-MY-UA |b gre |e aacr | ||
| 041 | 0 | |a eng | |
| 082 | 0 | |a 578.09 |2 (22) | |
| 100 | 1 | |a Franklin, Janet A., |d 1959- | |
| 245 | 1 | 0 | |a Mapping species distributions : |b spatial inference and prediction / |c Janet Franklin; with contributions by Jennifer A. Miller |
| 260 | |a Cambridge : |b Cambridge University Press, |c 2009 | ||
| 300 | |a xviii, 320 σ.; |b εικ., χάρτες; |c 24 εκ. | ||
| 490 | 1 | |a Ecology, biodiversity and conservation | |
| 650 | 0 | 0 | |a Biogeography. |
| 650 | 0 | 0 | |a Biogeography |x Mathematical models. |
| 700 | 1 | |a Miller, Jennifer A. |q (Jennifer Anne) | |
| 830 | 0 | |a Ecology, biodiversity and conservation | |
| 852 | |a INST |b LESVOS |e 20111102 |h 578.09 FRA |p 005100051155 |q 005100051155 |t BK |y 4 |x 20200115 | ||
| 901 | |a BIBL1-2011-3 | ||
| 909 | |a Λ |b 172992 | ||
| 970 | |a ΤΖΑΦΕΡΗ |b ΕΥΑΓΓΕΛΙΑ |z 2011/11/02 | ||